Engaging questions : (Record no. 17405)
[ view plain ]
| 000 -LEADER | |
|---|---|
| fixed length control field | 00619cam a2200205 a 4500 |
| 020 ## - INTERNATIONAL STANDARD BOOK NUMBER | |
| ISBN | 9780073383828 (pbk.) |
| 020 ## - INTERNATIONAL STANDARD BOOK NUMBER | |
| ISBN | 0073383821 (pbk.) |
| 040 ## - CATALOGING SOURCE | |
| Transcribing agency | BTCTA |
| 082 ## - DEWEY DECIMAL CLASSIFICATION NUMBER | |
| Classification number | 808 MCG 2013 A113 Or. |
| 100 1# - MAIN ENTRY--AUTHOR NAME | |
| Personal name | Channell, Carolyn E. |
| 245 10 - TITLE STATEMENT | |
| Title | Engaging questions : |
| Remainder of title | a guide to writing / |
| 260 ## - PUBLICATION, DISTRIBUTION, ETC. (IMPRINT) | |
| Place of publication | New York : |
| Name of publisher | McGraw-Hill Companies, |
| Year of publication | 2013. |
| 300 ## - PHYSICAL DESCRIPTION | |
| Number of Pages | xxv, 540 p. : |
| Other physical details | ill. ; |
| Dimensions | 23 cm. |
| 650 #0 - SUBJECT ADDED ENTRY--TOPICAL TERM | |
| Topical Term | English language |
| 650 #0 - SUBJECT ADDED ENTRY--TOPICAL TERM | |
| Topical Term | English language |
| 650 #0 - SUBJECT ADDED ENTRY--TOPICAL TERM | |
| Topical Term | Report writing |
| 700 1# - ADDED ENTRY--PERSONAL NAME | |
| Personal name | Crusius, Timothy W., |
| 856 42 - ELECTRONIC LOCATION AND ACCESS | |
| Uniform Resource Identifier | http://www.loc.gov/catdir/enhancements/fy1311/2011847705-d.html |
| 942 ## - ADDED ENTRY ELEMENTS (KOHA) | |
| Koha item type | សៀវភៅភាសាអង់គ្លេស |
| 952 ## - LOCATION AND ITEM INFORMATION (KOHA) | |
| Withdrawn status [LOCAL, KOHA] | 0 |
| 952 ## - LOCATION AND ITEM INFORMATION (KOHA) | |
| Withdrawn status [LOCAL, KOHA] | 0 |
| Permanent Location | Date acquired | Koha item type | Lost status | Shelving location | Barcode | Current Location | Full call number |
|---|---|---|---|---|---|---|---|
| Library Block A | 2018-11-20 | សៀវភៅភាសាអង់គ្លេស | A113 | A37107 | Library Block A | 808 MCG 2013 A113 Or. | |
| Library Block A | 2018-11-20 | សៀវភៅភាសាអង់គ្លេស | A113 | A36004 | Library Block A | 808 MCG 2013 A113 Or. |